Govt. of
Madhya Pradesh

कथा शिखर (Record no. 68292)

MARC details
000 -LEADER
fixed length control field 00335nam a22001097a 4500
082 ## - DEWEY DECIMAL CLASSIFICATION NUMBER
Classification number 800/SHA
100 ## - MAIN ENTRY--AUTHOR NAME
Personal name साहनी,भीष्‍म
245 ## - TITLE STATEMENT
Title कथा शिखर
260 ## - PUBLICATION, DISTRIBUTION, ETC. (IMPRINT)
Place of publication नई दिल्‍ली
Name of publisher कौटिल्‍य बुक्‍स
Year of publication 2021
650 ## - SUBJECT ADDED ENTRY--TOPICAL TERM
Topical Term रचनावली
942 ## - ADDED ENTRY ELEMENTS (KOHA)
Koha item type Hindi Books
Holdings
Withdrawn status Lost status Damaged status Not for loan Home library Current library Date acquired Cost, normal purchase price Full call number Accession Number Price effective from Koha item type
        MACL MACL 22/10/2025 750.00 800/SHA DPI003968 22/10/2025 Hindi Books